| 000 | 01122nam a2200265 i 4500 | ||
|---|---|---|---|
| 001 | 35887 | ||
| 003 | ES-MaACL | ||
| 005 | 20250903063437.0 | ||
| 007 | t| | ||
| 008 | 030214s1854 sp ||||1| spa d | ||
| 080 | _a355.351(485)"18" | ||
| 100 | 1 |
_aBrochero, Gregorio. _931833 |
|
| 245 | 1 | 0 |
_aMemoria sobre el ejército sueco : _bredactado en el año 1848 / _cGregorio Brochero, por la Comisión del N. y O. de Europa, compuesta del brigadier de Infantería Gregorio Brochero y del coronel graduado Ambrosio Graces de Marcilla. |
| 260 |
_aMadrid : _b[s.n.], _c1854 ( _fImp. del Memorial de Ingenieros) |
||
| 300 |
_a38 p., [1] h. de mapa pleg. ; _c24 cm. |
||
| 490 | 1 | _aMemorial de Ingenieros | |
| 530 | _aDisponible en formato digital. | ||
| 650 | 7 |
_aEjército- _zSuecia _2 _9162186 |
|
| 700 | 1 |
_aGraces de Marcilla, Ambrosio. _959453 |
|
| 710 | 2 |
_aImprenta del Memorial de Ingenieros _9134482 |
|
| 830 | 1 | 0 |
_aMemorial de ingenieros _9229553 |
| 852 | 4 |
_aES-MaACL _jT-100-F-3 |
|
| 856 | 4 |
_uhttp://bdh-rd.bne.es/viewer.vm?id=0000000432&page=1 _zBiblioteca Digital Hispánica |
|
| 999 |
_c35887 _d35887 |
||